[Event "Morelia/Linares 24th"]
[Site "Morelia/Linares"]
[Date "2007.03.07"]
[Round "12"]
[White "Leko, Peter"]
[Black "Svidler, Peter"]
[Result "0-1"]
[WhiteElo "2749"]
[BlackElo "2728"]
[Annotator "Marin,M"]
[PlyCount "74"]
[EventDate "2007.02.17"]
[EventType "tourn"]
[EventRounds "14"]
[EventCountry "ESP"]
[EventCategory "20"]
[SourceTitle "CBM 117"]
[Source "ChessBase"]
[SourceDate "2007.03.30"]
[SourceVersion "1"]
[SourceVersionDate "2007.03.30"]
[SourceQuality "1"]

1. e4 {Ftacnik} c5 2. Nf3 d6 3. d4 cxd4 4. Nxd4 Nf6 5. Nc3 a6 6. Be3 e5 7. Nb3
Be7 8. f3 Be6 9. Qd2 O-O 10. O-O-O a5 $5 {A very aggressive move, questioning
the stability of White's queenside. It might seem that Black neglects his
development, by moving a marginal pawn while the queen's knight is still on
its initial square. However, the rook gets a chance to get activated without
making a single move.} 11. Qe1 {One of the many possible moves. Leko does not
intend to weaken his queenside with 11.a4.} Qc8 (11... a4 {is premature
because of} 12. Nc5) 12. a3 {Ftacnik: 'Leko is looking for a new way to meet
the annoying advance of the black's a pawn. The usual radical a2-a4 weakens
the square b4 from which the black knight can control the crucial square d5.'}
({A novelty. White usually blocks the a5-pawn with} 12. a4 {. Leko has a
different plan: he allows allows the enemy pawn to cross the middle of the
board, hoping that it would become weak.}) 12... a4 13. Nd2 Nbd7 (13... d5 {
Ftacnik} 14. exd5 Nxd5 15. Nxd5 Bxd5 16. Bd3 Qc7 17. Ne4 Nc6 $11) 14. Kb1 (14.
g4 {Ftacnik} d5 15. exd5 Nxd5 16. Nde4 N7b6 $11) (14. Bb5 {Ftacnik} Nc5 15. Kb1
Rd8 $13) 14... Rd8 (14... d5 {Ftacnik} 15. exd5 Nxd5 16. Nxd5 Bxd5 17. Ne4 Bxe4
18. fxe4 Nf6 19. Bd3 Bc5 $11) 15. Bb5 (15. g4 {Ftacnik} d5 16. g5 d4 $1 $15)
15... d5 {Taking advantage of the slightly unnatural placement of White's
pieces, Black carries out this thematical break, which will yield him an
advantage of space in the centre. Ftacnik: 'Svidler sees no room for waiting
with the logical advance d6-d5. It is a great achievement for black pieces
that will now get lot of space for the activity. '} 16. exd5 (16. Nxa4 {Ftacnik
} d4 17. Bg5 Qc7 18. Nb3 Rac8 $15) 16... Nxd5 17. Nxd5 (17. Nxa4 $6 {Ftacnik}
Ra5 18. c4 Rxb5 (18... Nxe3 19. Qxe3 Qc7 20. b4 (20. Nb3 Rxb5 $1 21. cxb5 Qc4
$17) 20... Rxb5 21. cxb5 Ra8 22. Qc3 Qxc3 23. Nxc3 Rxa3 24. Nde4 $11) 19. cxb5
Qa8 $1 20. b3 Qa5 21. Qe2 (21. Nc4 Qxb5 $19) 21... Qxa4 22. bxa4 Nc3+ 23. Kb2
Nxe2 $17) 17... Bxd5 18. Qe2 (18. Ne4 {Ftacnik} Bc4 (18... Be6 19. Qc3 $1 (19.
Qg3 Qc7 20. Bh6 g6 21. Bg5 Rac8 22. Bxa4 f6 23. Rxd7 Rxd7 (23... Bxd7 24. Bb3+
Kg7 25. Nxf6 Bxf6 26. Bxf6+ Kxf6 27. Qh4+ Kg7 28. Qe7+ $11) 24. Bxd7 Qxc2+ 25.
Ka1 Bxd7 26. Nxf6+ Bxf6 27. Bxf6 Be6 28. Qe1 Qxg2 $15) 19... Qb8 20. Ng5 $14)
19. Bxc4 Qxc4 20. Qc3 Qb5 21. Qd3 $11) 18... Qc7 19. Ne4 Be6 20. Nc3 {'?!'
Ftacnik. Ftacnik: 'Not a real mistake but the first step in the wrong
direction. White had better ways to fight the obvious knight manouver Nb6-c4. '
} (20. h4 {Ftacnik} h6 21. g4 Nb6 $13) (20. Ng5 {Ftacnik} Bxg5 21. Bxg5 f6 22.
Be3 $11) (20. Rd3 {Ftacnik} Nf6 (20... Nb6 $2 21. Rc3 $18) 21. Rxd8+ Qxd8 $11)
20... Nb6 {'!' Ftacnik.} (20... Nf6 {Ftacnik} 21. Qf2 Nd5 22. Nxd5 Rxd5 23.
Rxd5 Bxd5 24. Rd1 $14) 21. Rxd8+ (21. Qf2 {Ftacnik} Nc4 $15) (21. Bxb6 {Ftacnik
} Qxb6 22. Nxa4 Qc7 $44) 21... Rxd8 22. Nxa4 {Up to this point, Leko's
judgement has been justified: he has won the a4-pawn, indeed. However, Black's
activity offers him entirely adequate compensation.} (22. Rd1 {Ftacnik} Rxd1+
23. Nxd1 g6 $11) (22. Bxb6 {Ftacnik} Qxb6 23. Qxe5 Bf6 24. Nxa4 Qa5 25. b4 Qa7
(25... Bxe5 26. bxa5 Rd5 27. Bc4 Rxa5 28. Bxe6 fxe6 29. Re1 Bxh2 $15) 26. Qc5
Qb8 $40) 22... Nc4 (22... Nxa4 {Ftacnik} 23. Bxa4 Bc4 24. Qf2 Qa5 25. Bb3 Bxb3
26. cxb3 Qb5 27. Qc2 Rd3 28. Rd1 Rxe3 $2 29. Qc8+ Bf8 30. Rd8 $18) 23. Bxc4 (
23. Bc1 {Ftacnik} Rc8 24. Rd1 Qa5 $15) 23... Bxc4 24. Qf2 (24. Bb6 {Ftacnik}
Qxb6 (24... Qc6 25. Qxe5 Re8 26. Qa5 $16) 25. Qxc4 Qf2 26. Qf1 Qd2 (26... Qxf1+
27. Rxf1 Rd2 $44) 27. Nb6 Bg5 $13) 24... Qc6 {'!' Ftacnik.} 25. Nb6 {'?!'
Ftacnik. Ftacnik: 'The second dubious move with the knight as the poor piece
has no prospects on the square b6.'} (25. Nc3 {Ftacnik} Be6 $44) (25. Bc5 {
Ftacnik} Bg5 26. Nc3 Rd2 27. Qg1 $13) 25... Be6 26. Qe2 (26. Rc1 {Ftacnik} f5
$44) 26... f5 {This mobile pawn tandem will cause White no lesser trouble than
in the game Leko-Topalov, played just a couple of days earlier. This time, the
strong pair of bishops adds force to Black's initiative, while White's
queenside progress is limited to a minimal material gain.} (26... e4 {Ftacnik}
27. fxe4 Qxe4 28. Qf3 Qe5 $13) (26... Rd4 $5 {Ftacnik} 27. c3 (27. Bxd4 exd4
28. Na8 Qd5 29. b3 Qa5 $17) 27... Rd8 $44) 27. Re1 (27. Rd1 {Ftacnik} Rxd1+ 28.
Qxd1 e4 29. fxe4 fxe4 $44) 27... Bf6 28. g3 (28. a4 $5 {Ftacnik} Qd6 (28... Bf7
29. Qb5 Qxb5 30. axb5 h5 31. Kc1 e4 32. fxe4 fxe4 33. Bf4 Bd4 34. Bc7 Re8 $11)
29. Qb5 e4 30. fxe4 fxe4 31. Bc1 Qxh2 32. Rxe4 Qd6 $11) 28... h6 29. Bf2 (29.
a4 {Ftacnik} Bf7 30. Qb5 $11) 29... e4 30. fxe4 (30. g4 {Ftacnik} Bd4 $1 31.
gxf5 exf3 32. Qxe6+ Qxe6 33. fxe6 Bxf2 $19) 30... fxe4 {This pawn is taboo
because of the weakness of the first rank. Now that both black bishops are
targetting the poorly defended enemy king, White is in real trouble. It should
be also mentioned that the beautifully placed knight is in fact completely out
of play.} 31. a4 {'?!' Ftacnik. Ftacnik: 'Leko was defending very passively
and the sound idea of a pawn advance comes too late. White is already in
serious trouble.'} (31. c4 $1 {Ftacnik} Bd4 32. Nd5 $11) 31... Qd6 32. c4 $2 ({
Shortening White's suffering. The only way to prevent the deadly threat ...Qb4
was} 32. c3 {. However, after} Qd3+ {'!' Ftacnik.} 33. Qxd3 exd3 {the d-pawn
would have been very hard to stop.} 34. Be3 {. The only way to maintain White
in the game.} Bg5 (34... Rd6 {Ftacnik} 35. Rd1 Bb3 $17) 35. Bxg5 hxg5 36. Rd1 (
{Another form of giving up the exchange would be} 36. Rxe6 d2 37. Re8+ Rxe8 38.
Kc2 {with chances for survival.} Rd8 {Ftacnik} 39. Kd1 Kf7 $17) 36... Bb3 {
White is best adviced to defend his rook with the king, because} 37. Rd2 $2 {
would lead to mate after} Re8) 32... Qb4 {The threat ...Rd2 is impossible to
meet in adequate way. White is just lost.} 33. Nd5 Bxd5 34. cxd5 Rxd5 35. Qc2
Rd2 36. Qc8+ Kf7 37. Qc7+ Kg6 $19 0-1

[Event "Morelia/Linares 24th"]
[Site "Morelia/Linares"]
[Date "2007.03.05"]
[Round "10"]
[White "Leko, Peter"]
[Black "Topalov, Veselin"]
[Result "1/2-1/2"]
[WhiteElo "2749"]
[BlackElo "2783"]
[Annotator "Marin,M"]
[PlyCount "167"]
[EventDate "2007.02.17"]
[EventType "tourn"]
[EventRounds "14"]
[EventCountry "ESP"]
[EventCategory "20"]
[SourceTitle "CBM 117"]
[Source "ChessBase"]
[SourceDate "2007.03.30"]
[SourceVersion "1"]
[SourceVersionDate "2007.03.30"]
[SourceQuality "1"]

1. e4 c5 2. Nf3 d6 3. d4 cxd4 4. Nxd4 Nf6 5. Nc3 a6 6. Be3 e5 7. Nf3 {For the
third time in this tournament, Topalov faces this variation.} Qc7 ({Deviating
from} 7... Be7 {, as played in the previous two games.}) 8. a4 Be7 9. a5 O-O
10. Be2 Be6 11. O-O Rc8 $5 ({I do not understand the point behind this novelty.
It does not prevent the knight's jump to d5 and it just misplaces the rook
that is supposed to support the pawn attack on the other wing. However, I am
open to accept that there must be well-hidden point, since Topalov never
treats the opening in superficial way. The normal move is} 11... Nbd7) 12. Nd5
Nxd5 ({One critical test for Topalov's novelty is} 12... Bxd5 13. exd5 Qxc2 {
. After} 14. Rc1 Qf5 15. Qb3 {the entire black queenside is in danger, which
makes the a5-pawn a strong candidate to promotion.}) 13. exd5 Bg4 14. c4 Nd7 (
14... Bxf3 $6 {does not yield anything in view of} 15. Bxf3 {when} Qxc4 $2 {
loses material to} 16. Rc1) 15. Nd2 Bxe2 16. Qxe2 f5 17. f3 Nf6 18. b4 Qd7 19.
Rfd1 Qe8 20. Qd3 Qh5 21. c5 {White's attack looks more threatening than
Black's counterplay on the other wing.} Rd8 {Re-locating the misplaced rook.}
22. Nc4 Rac8 23. Rac1 e4 24. fxe4 $6 ({White should not have concealed the
control of the g4-square so easily.} 24. Qf1 {would have allowed him maintain
his advantage of space intact.}) 24... fxe4 25. Qb3 Ng4 {Black has strong
counterplay now.} 26. h3 Nxe3 27. Nxe3 Bg5 28. c6 Rf8 29. Re1 Qh4 30. Qa2 Bf4
31. Qe2 Qg3 32. Nf1 Qd3 33. Qxd3 exd3 34. Rc4 bxc6 35. dxc6 d5 36. Rd4 Rxc6 37.
Rxd3 Rc4 38. b5 axb5 39. Rxd5 b4 40. a6 Rc6 41. Rb5 Bd6 42. Ra1 Ra8 43. a7 Rb6
44. Rxb6 Bc5+ 45. Kh1 Bxb6 46. Ra4 Bc5 47. Ra5 Bxa7 48. Nd2 Rd8 49. Rxa7 Rxd2
50. Rb7 Rd4 {The complications have resulted into a thematical rook ending.
Theory considers it to be drawn in spite of Black's extra-pawn. The further
course of the game will not manage to shatter this verdict.} 51. Kg1 Rf4 52.
Kh2 h5 53. Kg3 Rc4 54. Kf3 Kh7 55. Rb6 g5 56. Rb7+ Kg6 57. Rb6+ Kf7 58. g4 Rf4+
59. Kg3 h4+ 60. Kg2 Rc4 61. Kf3 Ke7 62. Ke3 Kd7 63. Kd2 Kc7 64. Rb5 Kc6 65.
Rxg5 b3 66. Rg8 Rc2+ 67. Kd1 Kc7 68. Rg7+ Kb6 69. Rg8 Ka7 70. Rg7+ Ka6 71. Rg8
Kb7 72. Rg7+ Kc6 73. Rg8 Rh2 74. Kc1 Rxh3 75. g5 Kd7 76. Rf8 Ke7 77. Rf6 Rg3
78. Rh6 h3 79. Kb2 Kf7 80. Ka3 Kg7 81. Kb2 Kg8 82. Ka3 Kf7 83. Kb2 Kg7 84. Kc1
1/2-1/2

[Event "ROM-ch"]
[Site "Bucharest"]
[Date "1998.12.10"]
[Round "3"]
[White "Cosma, Ioan"]
[Black "Florean, Andrei"]
[Result "1-0"]
[WhiteElo "2475"]
[BlackElo "2450"]
[Annotator "Marin,M/Stoica"]
[PlyCount "75"]
[EventDate "1998.12.08"]
[EventType "tourn"]
[EventRounds "15"]
[EventCountry "ROU"]
[EventCategory "9"]
[SourceTitle "CBM 069"]
[Source "ChessBase"]
[SourceDate "1999.04.01"]
[SourceVersion "1"]
[SourceVersionDate "1999.04.01"]
[SourceQuality "1"]

1. e4 c5 2. Nf3 d6 3. d4 cxd4 4. Nxd4 Nf6 5. Nc3 a6 6. Be3 Ng4 7. Bg5 h6 8. Bh4
g5 9. Bg3 Bg7 10. Bc4 Nc6 11. Nxc6 bxc6 12. h4 Qa5 13. Qd2 Be6 14. Bb3 Kd7 15.
hxg5 hxg5 16. Rxh8 Rxh8 17. O-O-O Ne5 18. Kb1 Bf6 19. Qe3 Rc8 20. f3 {Die
Weisse Stellung ist vorzuziehen.} Rc7 $2 21. Be1 $1 {Spekuliert auf die
schlechte Stellung der schwarzen Schwerfiguren.} Nc4 22. Bxc4 Bxc4 23. b3 Bxc3
24. Bxc3 Qb5 25. a4 Qb8 26. e5 {Die Öffnung des Zentrums bringt Weiss in
Vorteil.} Bd5 27. exd6 exd6 28. Bb2 Qe8 29. Qxg5 Qe2 30. Rd2 Qe1+ 31. Ka2 Rc8
32. c4 {Ein forciertes Gewinnmanöver.} Be6 33. Ba3 c5 34. Qf4 Rc6 35. Bxc5 Kc8
36. Bxd6 Kb7 37. c5 Qc1 38. Qb4+ 1-0

[Event "Linares 21st"]
[Site "Linares"]
[Date "2004.02.19"]
[Round "1"]
[White "Shirov, Alexei"]
[Black "Kasparov, Garry"]
[Result "1/2-1/2"]
[WhiteElo "2736"]
[BlackElo "2831"]
[Annotator "McShane,L"]
[PlyCount "70"]
[EventDate "2004.02.19"]
[EventType "tourn"]
[EventRounds "14"]
[EventCountry "ESP"]
[EventCategory "20"]
[SourceTitle "CBM 100"]
[Source "ChessBase"]
[SourceDate "2004.06.01"]
[SourceVersion "1"]
[SourceVersionDate "2004.06.01"]
[SourceQuality "1"]

1. e4 {Ftacnik} c5 2. Nf3 d6 3. d4 cxd4 4. Nxd4 Nf6 5. Nc3 a6 6. Be3 e5 7. Nb3
Be6 8. f3 Nbd7 9. Qd2 b5 10. a4 b4 11. Nd5 Bxd5 12. exd5 Nb6 13. Bxb6 Qxb6 14.
a5 Qb7 15. Bc4 g6 16. Ra4 Rb8 17. Qd3 Ra8 18. Qd2 Rb8 19. Nc1 {Ambitious play
from Shirov, as White can choose to continue alternating his attack between
the a6/b4 pawns, with a draw.} h5 {'!?' Ftacnik.} 20. Nd3 Bh6 (20... Nxd5 {
Ftacnik} 21. Bxd5 (21. Nxe5 dxe5 22. Bxd5 Qd7 23. Ra1 Bc5 $11) 21... Qxd5 22.
Nxb4 Qb5 23. b3 $14) 21. Qe2 O-O 22. Nxb4 {White has won a pawn and looks to
be winning another on a6. But practice shows that Black will gain dangerous
compensation on the dark squares, particularly on the kingside. White's king
will have difficulty finding a comfortable home.} Qd7 $5 {'N' Ftacnik. The
first new move of the game. Several top level clashes have seen 22...e4
recently, which is also razor-sharp. Ftacnik: 'Kasparov is always very well
prepared, but even he can not change the verdict of the given position. Black
is hopinhg the get sufficient counterplay for the fatally weak a6 pawn. '} 23.
Nc6 (23. b3 {Ftacnik} Qxa4 $5 (23... e4 $13) 24. bxa4 Rxb4 25. Bb3 Ra8 26. O-O
Nd7 $14) 23... Rxb2 24. O-O h4 {'!' Ftacnik.} (24... e4 {Ftacnik}) 25. Bb3 {
Boxing in the rook and preparing to swing the other rook over from a4, but now
Kasparov begins his counterplay in earnest.} (25. Bxa6 $2 {Ftacnik} Nxd5 $19)
25... h3 26. g3 e4 $1 {A thematic sacrifice to create weaknesses in White's
position. But if the counterplay peters out and Shirov can grab the a6 pawn,
Black will be lost.} 27. fxe4 {Ftacnik: 'The choice in the future will
probably be more ambitious approach with 27.f4!? '} (27. f4 $5 {Ftacnik} Re8
28. Qxa6 Bg7 29. Qe2 $16) 27... Qg4 $1 {'!?' Ftacnik.} (27... Ng4 $5 {Ftacnik}
28. e5 $1 Be3+ 29. Kh1 Nf2+ $1 30. Kg1 $1 (30. Rxf2 Bxf2 31. Ra1 Bc5 32. Qxa6
dxe5 $13)) 28. Qd3 {'!' Ftacnik. Ftacnik: 'Shirov is careful and avoids
devilish traps after alternative moves.'} (28. Qxg4 Be3+ $1 29. Kh1 Nxg4 {
and with Ng4-f2+ to follow, Black will have at least a draw.}) (28. Qe1 {
Ftacnik} Rb1 $3 29. Qxb1 Be3+ 30. Rf2 Qf3 31. Qf1 Ng4 $19) (28. Qxa6 $2 {
Ftacnik} Be3+ 29. Kh1 Rb1 $1 30. Rxb1 Qf3#) 28... Qg5 29. e5 $5 {'!' Ftacnik.}
dxe5 30. Rh4 (30. d6 {Ftacnik} e4 31. Qd4 Qe3+ (31... Ng4 $5) (31... Bg7 $5)
32. Qxe3 Bxe3+ 33. Kh1 Ng4 34. Raa1 (34. d7 $2 Nf2+ 35. Kg1 Nd1+ 36. Kh1 Rb1 $3
$19) 34... Nf2+ 35. Kg1 (35. Rxf2 Bxf2 36. d7 e3 $17) 35... Nd3+ 36. Kh1 Nf2+)
30... e4 31. Qd4 (31. Rxe4 {Ftacnik} Nxe4 32. Qxe4 Qe3+) (31. Qd1 $5 {Ftacnik})
31... Ng4 (31... Qe3+ {Ftacnik} 32. Qxe3 Bxe3+ 33. Kh1 Bd2 $1 (33... Kg7 34.
Ne5 g5 35. Rxh3 g4 36. Rh4 Bg5 37. Rxg4 Nxg4 38. Nxg4 $14) 34. d6 Kg7 (34... e3
35. Bc4 Kg7 36. Bxa6 $11) 35. g4 e3 36. g5 Nh7 37. Nd4 Nxg5 $17) 32. Rxh6 {
'!' Ftacnik. Simplifying to a draw by perpetual. Ftacnik: 'Kasparov has a
magical ability to create very original and dangerous tactical fireworks on
the board. The very tempting 32.Ne7+ might have ended tragicaly for white.'} ({
An incredible variation given by Jon Speelman goes} 32. Ne7+ Kh7 $1 33. Qxe4
Qxh4 $3 34. Rxf7+ (34. gxh4 {Ftacnik} Be3+ 35. Qxe3 Nxe3 36. Rc1 Rb8 $19) 34...
Kh8 $1 35. Nxg6+ (35. Qd4+ {Ftacnik} Qf6 $3 36. Rxf6 (36. Qxf6+ Nxf6 37. Nxg6+
Kg8 38. Rxf8+ Bxf8 $19) 36... Rxf6 $19) 35... Kg8 36. d6 Rb1+ 37. Rf1+ Kg7 38.
Rxb1 Qg5 {and Black is winning.} 39. Nf4 {Ftacnik} Qc5+ $19) (32. Re1 {Ftacnik}
Qe3+ $3 33. Qxe3 Bxe3+ 34. Kh1 Nf2+ 35. Kg1 Nd3+ 36. Kf1 Nxe1 37. Kxe1 Rb1+ $15
) 32... Nxh6 {'!' Ftacnik.} (32... Qxh6 {'?' Ftacnik.} 33. d6 $1 {rather than
33.Qxb2 Qe3+, leaves Black with problems stopping the advance of the d-pawn.}
Qe3+ {Ftacnik} 34. Qxe3 Nxe3 35. Rc1 $16) 33. Qxb2 ({Here} 33. d6 Rxb3 $1 (
33... Nf5 {Ftacnik} 34. Qxb2 Nxg3 $1 35. Bxf7+ Kh7 36. Bg8+ Rxg8 37. Rf7+ Kh6
$19) 34. cxb3 Nf5 {gives Black enough play.}) 33... Qe3+ 34. Rf2 (34. Kh1 $2 {
Ftacnik} Qe2 $19) 34... Qe1+ (34... Ng4 {was possible, but after} 35. Qd4 (35.
c3 {Ftacnik} Nxf2 36. Qxf2 Qxc3 37. Bd1 $14) 35... Qe1+ {'=' Ftacnik.} 36. Rf1
Qe2 37. Rf2 {Black would risk a lot in playing on with 37...Nxf2}) 35. Rf1 Qe3+
1/2-1/2